000 00292nam a22001337a 4500
008 170531b xxu||||| |||| 00| 0 eng d
020 _a9780393322798
041 _aeng
080 _a94(100)
100 _a17
101 _aSHH
245 _aSTATE OF THE WORLD
_cFLAVIN, CH
942 _2udc
_cBK
999 _c15110
_d15110